DC: Injustice Comics- All Characters - Statistics

General Stats
  • This quiz has been taken 221 times
    210 since last reset
  • The average score is 47 of 195
Answer Stats
Name % Correct
Bruce Wayne/Batman
99%
Jason Todd/Robin/Red Hood/Batman (Imposter) (deceased, later revived)
99%
Kal-El/Clark Kent/Superman
97%
Damian Wayne/Robin/Nightwing
88%
Diana of Themyscira/Wonder Woman
87%
Richard 'Dick' Grayson/Nightwing/Deadman (deceased, now a ghost)
87%
Harold 'Hal' Jordan/Green Lantern/Yellow Lantern/Red Lantern
83%
Guy Gardner/Green Lantern (deceased)
81%
Dr. Harleen Quinzel/Harley Quinn
78%
Barbara Gordon/Batgirl/Oracle
74%
CEO Oliver Queen/Green Arrow (deceased)
74%
Victor Stone/Cyborg
72%
Arthur Curry/King Orin of Atlantis/Aquaman
70%
Raven/Rachel Roth
67%
Det. Bartholomew 'Barry' Allen/The Flash
65%
Kara Zor-El/Supergirl
65%
William 'Billy' Batson/Shazam (deceased)
65%
CEO Alexander J. 'Lex' Luthor (deceased)
63%
Dinah Lance/Black Canary
63%
Princess Koriand'r of Tamaran/Starfire
63%
Selina Kyle/Catwoman
62%
J'onn J'onzz/Martian Manhunter
60%
Jaime Reyes/Blue Beetle
58%
Theodore 'Ted' Kord/Blue Beetle (deceased)
58%
Bane
57%
Lord Uxas of Apokolips/Darkseid
57%
Emperor Teth-Adam of Khandaq/Black Adam
53%
Kon-El/Conner Kent/Superboy
53%
Leonard Snart/Cpt. Cold
53%
Shiera Hall/Shayera Hol/Hawkgirl
51%
Katherine Kane/Batwoman (deceased)
50%
The Joker (deceased)
50%
Slade Wilson/Deathstroke
48%
Barbara-Ann Minerva/Cheetah
47%
Carter Hall/Katar Hol/Hawkman (deceased)
47%
Kent Nelson/Dr. Fate (deceased)
47%
Doomsday
46%
Lois Lane (deceased)
46%
Ares, God of War
45%
Donna Troy/Wonder Girl
45%
Dr. Pamela Isley/Poison Ivy
45%
Waylon Jones/Killer Croc
44%
Emperor Grodd of Gorilla City (deceased)
43%
Vril Dox/Brainiac 1
43%
Cassandra Sandsmark/Wonder Girl
42%
Gen. Dru-Zod of Krypton (deceased)
42%
Jonathan 'John' Constantine
42%
Dr. Victor Fries/Mr. Freeze
40%
Patrick O'Brian/Plastic Man
39%
Bartholomew 'Bart' Allen/Kid Flash (deceased, appears as a hallucination)
38%
Alfred Pennyworth (deceased, later revived)
37%
Cyrus Gold/Solomon Grundy
37%
Dr. Louise Lincoln/Killer Frost
36%
Harvey Dent/Two-Face
36%
Dr. Alec Holland/Swamp Thing
35%
Jackson Hyde/Aqualad
35%
Michael J. Carter/Booster Gold (deceased)
35%
Nathaniel Adam/Cpt. Atom (deceased)
34%
Timothy 'Tim' Drake/Red Robin (deceased)
34%
Boston Brand/Deadman (deceased, formerly a ghost)
32%
Michael 'Mick' Rory/Heat Wave (deceased)
32%
Queen Mera of Atlantis
32%
Lobo
31%
Black Manta
30%
Marianne 'Mari' McCabe/Vixen
30%
Comm. James Gordon
29%
Martha Kent
29%
Zeus, God of Gods
29%
Atrocitus
28%
Bizarro (deceased)
27%
Evan McCulloch/Mirror Master
27%
Dir. Amanda Waller (deceased)
26%
George Harkness/Cpt. Boomerang
25%
James 'Jimmy' Olsen (deceased)
25%
Jonathan Kent
24%
Nanaue/King Shark (deceased)
24%
Prof. Raymond 'Ray' Palmer/The Atom (supposedly deceased)
24%
Ryan Choi/The Atom
24%
Herakles/Hercules (deceased)
22%
Jason Blood/Etrigan the Demon (deceased)
22%
Pres. Jefferson Pierce/Black Lightning
22%
Clayface
21%
Trigon
21%
Artemis, Goddess of the Hunt (deceased)
20%
Talia Al Ghul
19%
Jonathan 'John' H. Irons/Steel (deceased)
18%
Jonathan 'John' Smith/Red Tornado (hallucination)
18%
Natasha Irons/Steel
18%
Bernhard Baker/Animal Man (deceased)
17%
Edward Nygma/The Riddler
17%
Kirk Langstrom/Man-Bat (deceased)
17%
Oswald Cobblepot/The Penguin
17%
Amazo (deceased)
16%
Dr. Jonathan Crane/The Scarecrow
16%
Victor Zsasz (deceased)
16%
Elizabeth 'Lisa' Snart/Golden Glider (deceased)
15%
Jor-El (deceased)
15%
Marcus 'Mark' Mardon/Weather Wizard (deceased)
15%
Tatsu Yamashiro/Katana
15%
Det. Harvey Bullock (deceased)
14%
Det. Renee Montoya (deceased)
14%
Ganthet
14%
Hera, Goddess of Women
14%
Hermes, The Messenger God
14%
Julian Day/Calendar Man
14%
Queen Hippolyta of Themyscira
14%
Doris Zuel/Giganta
13%
Drury Walker/Killer Moth (deceased)
13%
Iris West
13%
Kilowog
13%
Krypto (hallucination)
13%
Poseidon, God of the Sea
13%
Rex Mason/Metamorpho (deceased)
13%
Apollo, God of Light
12%
Helena Bertinelli/The Huntress
12%
Roman Sionis/Black Mask
12%
Rory Regan/Ragman (deceased)
12%
Rudolph 'Rudy' Jones/Parasite (deceased)
12%
Theodore 'Ted' Grant/Wildcat
12%
Grace Balin/Orca
11%
Mr. Mxyzptlk
11%
Starro
11%
Zatanna Zatara
11%
Athena, Goddess of Wisdom
10%
Desaad (deceased)
9%
Dr. Charles McNider/Dr. Mid-Nite
9%
Klarion the Witch Boy (deceased)
9%
Mongul
9%
Orion, Dog of War
9%
Comm. Richard 'Rick' Flag (deceased)
8%
Lucius Fox
8%
Dexter the Cat/Dex-Starr
7%
Axel Walker/The Trickster (deceased)
6%
Leslie Willis/Livewire
6%
Temple Fugate/Clock King (deceased)
6%
Thaal Sinestro (deceased)
6%
Benjamin 'Ben' Turner/Bronze Tiger
5%
Highfather
5%
Judas Iscariot/The Phantom Stranger (deceased)
5%
Nimue Inwudu/Mme. Xanadu
5%
Stephanie Brown/Spoiler
5%
Zor-El (deceased)
5%
Anthony 'Tony' Woodward/Girder
4%
Atlas, Titan of Earth
4%
Skeets
4%
Chato Santana/El Diablo (deceased)
3%
Connor Lance-Queen
3%
Jervis Tetch/The Mad Hatter
3%
Abner Krill/Polka-Dot Man (deceased)
2%
Anissa Pierce
2%
Bleez
2%
Col. Steven 'Steve' Trevor (deceased)
2%
Eros, God of Love
2%
King Solovar of Gorilla City (deceased)
2%
Metron
2%
Rose Constantine
2%
Alura Zor-El (née In-Ze) (deceased)
1%
Antiope of Themyscira
1%
Athanasia Al Ghul (deceased, later revived)
1%
Bianca Reyes
1%
Bobo T. Chimpanzee/Det. Chimp
1%
Calliope of Themyscira (deceased)
1%
Cordelia 'Delia' Quinzel
1%
Deever Tweed/Tweedledee
1%
Dumfrey Tweed/Tweedledum
1%
Elizabeth 'Bette' Sans Souci/Plastique
1%
Imra Ardeen/Saturn Girl
1%
Lara Lane-Kent (hallucination)
1%
Lucas 'Luke' O'Brian/Lucas 'Luke' McDunnagh
1%
Margaret Pye/Magpie (deceased)
1%
Mitchell Davies/Galaxor
1%
Nubia of Themyscira
1%
Prof. Anthony Ivo (deceased)
1%
Soranik Natu
1%
Teekl
1%
Tomar-Re
1%
Daniel 'Dan' Turpin (deceased)
0%
Danton Black/Multiplex
0%
David Drake/Typhoon
0%
Det. Margaret 'Maggie' Sawyer
0%
Hartley Rathaway/The Pied Piper
0%
Jennifer Pierce
0%
Jivan Shi/The Hyena
0%
Kalibak (deceased)
0%
Lucy Quinzel
0%
Mala of Themyscira
0%
Menalippe of Themyscira
0%
Mogo (deceased)
0%
Ordover
0%
Philippus of Themyscira
0%
Rama Kushna
0%
Ra's Al Ghul (deceased)
0%
Sayd
0%
Scandal Savage
0%
Tolifhar (deceased)
0%
No matching quizzes found
Score Distribution
Percent of People with Each Score
Percentile by Number Answered
Your Score History
You have not taken this quiz since the last reset